Country Pair by Ending Pair Quiz Stats

 Plays Quiz Updated Oct 14, 2016

Challenge
Share
Tweet
Embed
Score 0/16 Timer 07:00
18 Plays Today
% Correct
Kenya
79.1%
France
67.2%
Greece
65.8%
Peru
61.5%
Libya
56%
Nauru
55.4%
Palau
54.5%
Guinea-Bissau
47.7%
% Correct
Ecuador
47.1%
Honduras
46.9%
Sweden
44.3%
Yemen
43.2%
Bahamas
39.9%
El Salvador
33.7%
Singapore
23.7%
Côte d'Ivoire
21.5%

You're not logged in!

Compare scores with friends on all Sporcle quizzes.
Join for Free
OR
Log In

You Might Also Like...

Show Comments

Extras

Top Quizzes Today


Score Distribution

Your Account Isn't Verified!

In order to create a playlist on Sporcle, you need to verify the email address you used during registration. Go to your Sporcle Settings to finish the process.

Report this User

Report this user for behavior that violates our Community Guidelines.

Details: